[Event "TV2 Fagernes International 2018"]
[Site "Scandic Hotel Fagernes"]
[Date "2018.03.25"]
[Round "2"]
[White "Lie, Terje"]
[Black "Tenold, Andreas"]
[Result "0-1"]
[WhiteElo "1503"]
[BlackElo "1755"]
[PlyCount "66"]
[EventDate "2018.??.??"]

1. d4 d5 2. c4 e6 3. Nf3 Nf6 4. Nc3 Nbd7 5. e3 c6 6. Qc2 Bd6 7. c5 Bc7 8. b4
O-O 9. Bb2 e5 10. dxe5 Nxe5 11. Nxe5 Bxe5 12. Ne2 Bxb2 13. Qxb2 Ne4 14. Nd4 f5
15. Bd3 Qg5 16. g3 a5 17. h4 Qe7 18. a3 axb4 19. axb4 Rxa1+ 20. Qxa1 Re8 21.
O-O Nxg3 22. Re1 Nh5 23. Bxf5 Qxh4 24. Bxc8 Rxc8 25. Qd1 Rf8 26. Qe2 Rf6 27.
Qa2 h6 28. b5 Qh3 29. Qa8+ Kh7 30. Qe8 Qg4+ 31. Kf1 Ng3+ 32. Kg2 Ne4+ 33. Kh1
Nxf2+
0-1

[Event "TV2 Fagernes International 2018"]
[Site "Scandic Hotel Fagernes"]
[Date "2018.03.25"]
[Round "2"]
[White "Mjaaland, Bendik"]
[Black "Galinskyi, Mykhalo"]
[Result "1-0"]
[WhiteElo "1694"]
[BlackElo "1515"]
[PlyCount "39"]
[EventDate "2018.??.??"]

1. e4 e5 2. Nf3 Nc6 3. Nc3 Nf6 4. Bb5 Nd4 5. Ba4 Nxf3+ 6. Qxf3 c6 7. d3 d6 8.
Bg5 Be7 9. h3 Qc7 10. O-O Be6 11. Bb3 O-O-O 12. Be3 d5 13. exd5 Nxd5 14. Ne4 f5
15. Ng5 Nxe3 16. Nxe6 Nxf1 17. Nxc7 Nd2 18. Qxf5+ Kxc7 19. Qxe5+ Bd6 20. Qa5+
1-0

[Event "TV2 Fagernes International 2018"]
[Site "Scandic Hotel Fagernes"]
[Date "2018.03.25"]
[Round "2"]
[White "Gaure, Sigurd Lauvas"]
[Black "Gjestemoen-Vonhirsch, Andre"]
[Result "1-0"]
[WhiteElo "1552"]
[BlackElo "1691"]
[PlyCount "41"]
[EventDate "2018.??.??"]

1. e4 c5 2. Nf3 g6 3. d4 cxd4 4. Nxd4 Nc6 5. Nc3 Bg7 6. Be3 Nf6 7. Bc4 O-O 8.
f3 Qb6 9. Bb3 Nxe4 10. Nxe4 Bxd4 11. Bh6 Bg7 12. Bxg7 Kxg7 13. Qd2 d6 14. O-O-O
Bd7 15. h4 Na5 16. h5 Nxb3+ 17. axb3 Rh8 18. Qg5 f6 19. Qd5 Rhd8 20. hxg6 hxg6
21. Rh7+
1-0

[Event "TV2 Fagernes International 2018"]
[Site "Scandic Hotel Fagernes"]
[Date "2018.03.25"]
[Round "2"]
[White "Flatebø, Hallvard Haug"]
[Black "Odden, Jan Ove"]
[Result "1-0"]
[WhiteElo "1684"]
[BlackElo "1500"]
[PlyCount "132"]
[EventDate "2018.??.??"]

1. d4 Nf6 2. g3 c5 3. d5 g6 4. Bg2 d6 5. c4 b5 6. cxb5 a6 7. bxa6 Bxa6 8. Nc3
Bg7 9. Nf3 O-O 10. O-O Nbd7 11. Re1 Nb6 12. e4 Nfd7 13. Qc2 Nc4 14. b3 Qa5 15.
e5 Ncxe5 16. Nxe5 Nxe5 17. Bd2 Rfb8 18. Ne4 Qb6 19. Bc3 Qc7 20. Rad1 Rc8 21. f4
Ng4 22. Bxg7 Kxg7 23. Qc3+ Kg8 24. Bh3 h5 25. Qf3 Bb5 26. Bxg4 hxg4 27. Qxg4
Kg7 28. Nc3 Bd7 29. Qe2 e6 30. dxe6 Bxe6 31. Qb2 Kg8 32. Ne4 c4 33. bxc4 Qxc4
34. Nf6+ Kf8 35. Nd7+ Kg8 36. Nb6 Qc5+ 37. Qd4 Rxa2 38. Nxc8 Qc2 39. Rd2 Qxd2
40. Qxd2 Rxd2 41. Ne7+ Kf8 42. Nxg6+ Kg7 43. Nh4 d5 44. Nf3 Rb2 45. Ng5 Bc8 46.
Re7 Bb7 47. Rxf7+ Kg6 48. Rd7 d4 49. Rxd4 Rg2+ 50. Kf1 Rxh2 51. Ne4 Kh5 52.
Nf6+ Kg6 53. Ng4 Rb2 54. Nf2 Bf3 55. Nd3 Rb1+ 56. Kf2 Bb7 57. Rb4 Rxb4 58. Nxb4
Bc8 59. Nc6 Kf6 60. Nd4 Bg4 61. Nc2 Bc8 62. Ne3 Kg6 63. g4 Kf6 64. Kg3 Kg6 65.
Nd5 Bd7 66. Kh4 Be6
1-0

[Event "TV2 Fagernes International 2018"]
[Site "Scandic Hotel Fagernes"]
[Date "2018.03.25"]
[Round "2"]
[White "Helgøy, Håkon Hembre"]
[Black "Nordquelle, Amelia"]
[Result "1-0"]
[WhiteElo "1483"]
[BlackElo "1683"]
[PlyCount "63"]
[EventDate "2018.??.??"]

1. d4 d5 2. Bf4 Nf6 3. e3 c5 4. Nf3 Nc6 5. c3 e6 6. Nbd2 Be7 7. Bd3 Nh5 8. Bg3
Nxg3 9. hxg3 h6 10. a4 c4 11. Bc2 Bd7 12. Ne5 Nxe5 13. dxe5 Qc7 14. f4 Qb6 15.
Kf2 Bc5 16. Re1 Qxb2 17. Rb1 Qxc3 18. Rxb7 d4 19. Ne4 dxe3+ 20. Ke2 Qd4 21.
Nxc5 Qxd1+ 22. Rxd1 Bc6 23. Rc7 Bxg2 24. Be4 Bxe4 25. Nxe4 O-O 26. Kxe3 Rfc8
27. Rdd7 Rxc7 28. Rxc7 Rb8 29. Rxa7 Rb3+ 30. Kd4 Rd3+ 31. Kxc4 Re3 32. Kd4
1-0

[Event "TV2 Fagernes International 2018"]
[Site "Scandic Hotel Fagernes"]
[Date "2018.03.25"]
[Round "2"]
[White "Syse, Knut"]
[Black "Ji, Jiahao Eric"]
[Result "1/2-1/2"]
[WhiteElo "1671"]
[BlackElo "1462"]
[PlyCount "123"]
[EventDate "2018.??.??"]

1. Nf3 Nf6 2. c4 c5 3. Nc3 Nc6 4. d4 cxd4 5. Nxd4 e6 6. Bf4 d6 7. Ndb5 e5 8.
Bg5 a6 9. Bxf6 gxf6 10. Na3 Be6 11. e3 Bg7 12. Qd2 Qd7 13. Rd1 Rd8 14. g3 f5
15. Bg2 e4 16. f3 exf3 17. Bxf3 Ne5 18. Bd5 Bxd5 19. Qxd5 Qc6 20. Qxc6+ bxc6
21. O-O O-O 22. h3 Bh6 23. Rde1 Nd3 24. Re2 Rfe8 25. Nc2 Nxb2 26. Rxf5 Nxc4 27.
Nd1 Re6 28. Nd4 Bxe3+ 29. Nxe3 Rxe3 30. Rg5+ Kf8 31. Rxe3 Nxe3 32. Nxc6 Rc8 33.
Nb4 Rc1+ 34. Kf2 Nc4 35. Nxa6 Rc2+ 36. Kf3 Rxa2 37. Nc7 Ra5 38. Rxa5 Nxa5 39.
Ke4 Ke7 40. Kd5 Nb7 41. Nb5 Kd7 42. Nd4 Nd8 43. Nf5 Ne6 44. Nxd6 Nc7+ 45. Ke5
f6+ 46. Kxf6 Kxd6 47. Kg7 Ke7 48. Kxh7 Kf7 49. g4 Ne6 50. h4 Ng7 51. g5 Nh5 52.
g6+ Kf8 53. Kh6 Ng7 54. Kg5 Kg8 55. h5 Nxh5 56. Kxh5 Kg7 57. Kg5 Kg8 58. Kh6
Kh8 59. Kg5 Kg7 60. Kf5 Kg8 61. Kf6 Kf8 62. g7+
1/2-1/2

[Event "TV2 Fagernes International 2018"]
[Site "Scandic Hotel Fagernes"]
[Date "2018.03.25"]
[Round "2"]
[White "Sola, Roar"]
[Black "Leonhardsen, Vebjørn Maanum"]
[Result "1-0"]
[WhiteElo "1378"]
[BlackElo "1650"]
[PlyCount "57"]
[EventDate "2018.??.??"]

1. e4 c6 2. Nc3 d5 3. Nf3 Bg4 4. h3 Bxf3 5. Qxf3 e6 6. d3 Nf6 7. Bg5 Be7 8.
O-O-O O-O 9. h4 b5 10. h5 Nfd7 11. Bxe7 Qxe7 12. exd5 exd5 13. g4 Qg5+ 14. Kb1
a5 15. Qg3 a4 16. f4 Qe7 17. d4 b4 18. Ne2 Re8 19. Nc1 Nf8 20. Bd3 Nbd7 21.
Rhe1 Qd6 22. Qf2 Nf6 23. Qf3 Rxe1 24. Rxe1 Re8 25. Rxe8 Nxe8 26. c3 Ne6 27. Ne2
bxc3 28. bxc3 Qb8+ 29. Kc1 {Unable to reconstruct the rest of the game.}
1-0

[Event "TV2 Fagernes International 2018"]
[Site "Scandic Hotel Fagernes"]
[Date "2018.03.25"]
[Round "2"]
[White "Haynes, Noah"]
[Black "Larsen, Per Magnus"]
[Result "1-0"]
[WhiteElo "1648"]
[BlackElo "1357"]
[PlyCount "103"]
[EventDate "2018.??.??"]

1. d4 d5 2. c4 c6 3. Nc3 e6 4. e4 dxc4 5. Bxc4 b5 6. Bb3 Nf6 7. Bg5 Be7 8. e5
Nd5 9. Bxe7 Nxe7 10. Ne4 Nf5 11. Nf3 Nd7 12. O-O Qe7 13. Rc1 Bb7 14. g4 c5 15.
gxf5 Bxe4 16. fxe6 fxe6 17. Re1 Bc6 18. d5 Bb7 19. dxe6 c4 20. Qxd7+ Qxd7 21.
exd7+ Ke7 22. Bd1 Rhf8 23. Nd4 a6 24. Bc2 g6 25. Be4 Bxe4 26. Rxe4 Kxd7 27. Rd1
Ke7 28. Nc6+ Ke6 29. Rd6+ Kf5 30. Re2 Rae8 31. Nd4+ Kg4 32. Re4+ Rf4 33. f3+
Kg5 34. Ne6+ Rxe6 35. Rxe6 Rxf3 36. Kg2 Rf7 37. Rxa6 Rc7 38. e6 Re7 39. Rd6 Kf5
40. Re2 b4 41. Rd7 Rxe6 42. Rxe6 Kxe6 43. Rxh7 Kd6 44. Rh3 Kd5 45. Kf2 Kd4 46.
Ke2 g5 47. Kd2 Ke4 48. Rg3 Kf4 49. Ke2 g4 50. a4 Ke5 51. Rxg4 Kd5 52. h4
1-0

[Event "TV2 Fagernes International 2018"]
[Site "Scandic Hotel Fagernes"]
[Date "2018.03.25"]
[Round "2"]
[White "Evenshaug, Amadeus Hestvik"]
[Black "Kaunonen, Jouni"]
[Result "1-0"]
[WhiteElo "1327"]
[BlackElo "1647"]
[PlyCount "69"]
[EventDate "2018.??.??"]

1. e4 e6 2. d4 d5 3. exd5 exd5 4. Nc3 Nf6 5. Bg5 Be7 6. Nf3 O-O 7. Be2 Re8 8.
O-O Nbd7 9. Re1 Nf8 10. Bd3 Bg4 11. Bxf6 gxf6 12. Be2 Ng6 13. h3 Be6 14. Qd2
Kh8 15. Bd3 Rg8 16. Qh6 Rg7 17. Ne2 Bd6 18. Nh4 Nxh4 19. Qxh4 f5 20. Qxd8+ Rxd8
21. g3 h5 22. h4 f4 23. Kh2 Rdg8 24. Rg1 f3 25. Nc3 c6 26. a4 f5 27. Rae1 f4
28. Rxe6 fxg3+ 29. Kh3 Rd8 30. fxg3 f2 31. Rg2 Rf7 32. Bf1 Bc7 33. Re2 Rg7 34.
Nd1 Rf7 35. Re3
1-0

[Event "TV2 Fagernes International 2018"]
[Site "Scandic Hotel Fagernes"]
[Date "2018.03.25"]
[Round "2"]
[White "Bernstein, Jonas August"]
[Black "Skotheim, Håvard"]
[Result "1-0"]
[WhiteElo "1637"]
[BlackElo "1324"]
[PlyCount "83"]
[EventDate "2018.??.??"]

1. d4 Nf6 2. Nf3 g6 3. c4 c5 4. d5 b5 5. cxb5 a6 6. b6 d6 7. Nc3 Bg7 8. e4 O-O
9. Be2 Nbd7 10. O-O Nxb6 11. Nd2 Bb7 12. a4 a5 13. Nb5 e6 14. dxe6 fxe6 15. e5
dxe5 16. Qc2 Qe7 17. Re1 Nfd5 18. Ne4 Nd7 19. Bg5 Bf6 20. Nxf6+ N5xf6 21. Rad1
Qg7 22. f3 Rac8 23. Qc1 Rfd8 24. Nd6 Rb8 25. Nxb7 Rxb7 26. Rd6 Rb6 27. Rxb6
Nxb6 28. Qxc5 Nfd7 29. Qd6 Re8 30. Bb5 h6 31. Be3 Qe7 32. Qd3 Kg7 33. Bxb6 Nxb6
34. Bxe8 Qxe8 35. Qb5 Qxb5 36. axb5 Kf6 37. b3 a4 38. bxa4 Nxa4 39. Ra1 Nc5 40.
b6 Ke7 41. b7 Nd7 42. Ra8
1-0

[Event "TV2 Fagernes International 2018"]
[Site "Scandic Hotel Fagernes"]
[Date "2018.03.25"]
[Round "2"]
[White "Ruud, Christian Holmboe"]
[Black "Stai, Sondre"]
[Result "0-1"]
[WhiteElo "1252"]
[BlackElo "1636"]
[PlyCount "90"]
[EventDate "2018.??.??"]

1. d4 Nf6 2. c4 e6 3. Nc3 Bb4 4. Bg5 b6 5. e3 Ba6 6. Nf3 O-O 7. Bd3 d6 8. O-O
Bxc3 9. bxc3 Nbd7 10. Re1 c5 11. Rc1 Rc8 12. Qa4 Bb7 13. e4 h6 14. Bh4 Qc7 15.
d5 e5 16. h3 Nh5 17. Be2 Nf4 18. Bf1 f5 19. Qd1 fxe4 20. Rxe4 Nf6 21. Bxf6 Rxf6
22. Nh2 Rcf8 23. g3 Ng6 24. Rc2 Bc8 25. Rd2 Bf5 26. Re3 Qf7 27. Qh5 Bc8 28. Qe2
h5 29. Bg2 h4 30. Rf3 hxg3 31. fxg3 Bf5 32. Qe3 e4 33. Rf1 Ne5 34. Rdf2 Nxc4
35. Qg5 e3 36. Rf4 e2 37. Re1 Ne3 38. Bf3 Nxd5 39. Rh4 Nxc3 40. g4 Bd3 41. Qe3
Rxf3 42. Nxf3 Qxf3 43. Qe6+ Qf7 44. Qxf7+ Rxf7 45. Kg2 Rf1
0-1

[Event "TV2 Fagernes International 2018"]
[Site "Scandic Hotel Fagernes"]
[Date "2018.03.25"]
[Round "2"]
[White "Lang, Gusztav Jr"]
[Black "Selvik, Elma"]
[Result "1-0"]
[WhiteElo "1630"]
[BlackElo "1263"]
[PlyCount "73"]
[EventDate "2018.??.??"]

1. c4 e5 2. Nc3 Nf6 3. g3 Nc6 4. Bg2 Bc5 5. e4 O-O 6. Nf3 d6 7. O-O Be6 8. d3
h6 9. Na4 Bb6 10. Nxb6 axb6 11. Bd2 Qd7 12. Re1 Bg4 13. Qc1 Bxf3 14. Bxf3 Nd4
15. Bg2 Rfe8 16. Be3 Nc6 17. a3 Ne7 18. f4 exf4 19. Bxf4 c6 20. Rf1 Ng6 21.
Bxh6 d5 22. Bg5 dxe4 23. Bxf6 gxf6 24. dxe4 Qe6 25. b3 Rad8 26. Ra2 Qe7 27.
Raf2 Rd6 28. Qh6 Ne5 29. Rxf6 Rxf6 30. Qxf6 Qxa3 31. Rf5 Re6 32. Rg5+ Ng6 33.
Rxg6+ fxg6 34. Qxe6+ Kh7 35. Qf7+ Kh6 36. h4 Qc1+ 37. Kh2
1-0

[Event "TV2 Fagernes International 2018"]
[Site "Scandic Hotel Fagernes"]
[Date "2018.03.25"]
[Round "2"]
[White "Ji, Jiabao Eivind"]
[Black "Gjære, Vidar"]
[Result "0-1"]
[WhiteElo "1192"]
[BlackElo "1623"]
[PlyCount "90"]
[EventDate "2018.??.??"]

1. e4 d5 2. exd5 Nf6 3. Nf3 Bg4 4. Bc4 Nxd5 5. h3 Bh5 6. d3 e6 7. Bg5 Bxf3 8.
Bxd8 Bxd1 9. Kxd1 Kxd8 10. Bxd5 exd5 11. Re1 Bd6 12. Nc3 Bb4 13. Kd2 d4 14.
Rab1 b6 15. Re4 dxc3+ 16. bxc3 Bd6 17. Rb5 Nc6 18. Rf5 f6 19. Rg4 Ne7 20. Rf3
Ng6 21. h4 Ne5 22. Rxg7 Nxf3+ 23. gxf3 Be7 24. Rg4 Kd7 25. Rd4+ Kc6 26. Ke3 Bc5
27. Ke4 Bxd4 28. cxd4 Rad8 29. Kf5 Rd6 30. c3 Rg8 31. Ke4 Rg2 32. c4 Rxf2 33.
d5+ Kc5 34. a4 Re2+ 35. Kf4 Re5 36. h5 Rxh5 37. Ke3 Re5+ 38. Kd2 Kd4 39. f4 Re3
40. Kc2 Rxd3 41. Kb2 Rd7 42. f5 Rg7 43. Kc1 Rg2 44. c5 Rh3 45. cxb6 Rh1#
0-1

[Event "TV2 Fagernes International 2018"]
[Site "Scandic Hotel Fagernes"]
[Date "2018.03.25"]
[Round "2"]
[White "Shehzad, Alisha"]
[Black "Shehzad, Alina"]
[Result "1-0"]
[WhiteElo "1598"]
[BlackElo "1073"]
[PlyCount "90"]
[EventDate "2018.??.??"]

1. e4 e5 2. Nf3 Nc6 3. Nc3 Nf6 4. a3 d5 5. Bb5 d4 6. Ne2 Bd6 7. d3 a6 8. Ba4
O-O 9. Bg5 h6 10. Bd2 b5 11. Bb3 Be6 12. Bxe6 fxe6 13. O-O Qe8 14. c3 Bc5 15.
a4 Qg6 16. Ng3 h5 17. Qb3 Nh7 18. axb5 Ne7 19. Nxe5 Qf6 20. Nd7 Qg6 21. Nxc5 h4
22. Ne2 Qh5 23. Nf4 Rxf4 24. Bxf4 Qxc5 25. Qxe6+ Kh8 26. cxd4 Qb4 27. Rxa6 Rxa6
28. bxa6 Ng8 29. a7 Qf8 30. Be5 Qa8 31. Ra1 c6 32. Qf7 Nhf6 33. Qc7 c5 34. Qb8
Qxb8 35. axb8=Q Kh7 36. Ra8 cxd4 37. Bxf6 Nxf6 38. Qh8+ Kg6 39. Ra7 Nh5 40.
Qe8+ Kh6 41. Ra6+ Nf6 42. e5 Kg5 43. exf6 gxf6 44. Ra5+ Kg4 45. Qf7 h3
1-0

[Event "TV2 Fagernes International 2018"]
[Site "Scandic Hotel Fagernes"]
[Date "2018.03.25"]
[Round "3"]
[White "Mihajlov, Svetoslav"]
[Black "Unhjem, Bjørn Robert Løvoll"]
[Result "1-0"]
[WhiteElo "2197"]
[BlackElo "1698"]
[PlyCount "47"]
[EventDate "2018.??.??"]

1. d4 Nf6 2. c4 c5 3. d5 b5 4. a4 bxc4 5. Nc3 Qa5 6. Bd2 Na6 7. e4 d6 8. Bxc4
g6 9. f4 Nd7 10. Nb5 Nb4 11. Bc3 Nf6 12. Qe2 a6 13. e5 Bg4 14. Nf3 Bxf3 15.
gxf3 axb5 16. Bxb5+ Kd8 17. exf6 Ra7 18. O-O Rg8 19. Rfe1 Qb6 20. a5 Qb7 21.
Bxb4 cxb4 22. Bc6 Qb8 23. Kh1 Bh6 24. fxe7+
1-0

[Event "TV2 Fagernes International 2018"]
[Site "Scandic Hotel Fagernes"]
[Date "2018.03.25"]
[Round "3"]
[White "Myrheim, Håkon Abeland"]
[Black "Aroven, Mikael"]
[Result "0-1"]
[WhiteElo "1914"]
[BlackElo "2121"]
[PlyCount "128"]
[EventDate "2018.??.??"]

1. e4 c5 2. Nf3 g6 3. d4 Bg7 4. Nc3 Nc6 5. Be3 cxd4 6. Nxd4 Nf6 7. Nxc6 bxc6 8.
e5 Ng8 9. Bd4 Qa5 10. Bc4 Bxe5 11. O-O Kf8 12. Re1 f6 13. Bxe5 fxe5 14. Qf3+
Nf6 15. Qe3 Kg7 16. Qxe5 Qxe5 17. Rxe5 e6 18. f3 d6 19. Re2 d5 20. Bd3 Kf7 21.
Rae1 Re8 22. Na4 Nd7 23. f4 Rb8 24. b3 Kf6 25. g4 Rb4 26. Rf2 g5 27. fxg5+ Kxg5
28. h3 Rf4 29. Rxf4 Kxf4 30. Rf1+ Kg3 31. Rf7 Ne5 32. Rxh7 Nf3+ 33. Kf1 Ng5 34.
Rg7 Rf8+ 35. Ke1 Nf3+ 36. Ke2 e5 37. Nc5 Ng1+ 38. Kd2 Nxh3 39. g5 Nf2 40. Re7
e4 41. Be2 Bf5 42. c3 Nh3 43. g6 Bxg6 44. Rg7 Nf4 45. Nd7 Rf7 46. Rxf7 Bxf7 47.
Nf6 Be6 48. Ke3 Nxe2 49. Kxe2 Kf4 50. Nh5+ Ke5 51. Ke3 c5 52. Ng3 d4+ 53. cxd4+
cxd4+ 54. Kf2 Bg4 55. Nf1 Kf4 56. Ke1 e3 57. a3 Be6 58. Ke2 Bh3 59. Nh2 Ke4 60.
b4 d3+ 61. Ke1 Kf4 62. b5 Kg3 63. a4 Kxh2 64. a5 Bg4
0-1

[Event "TV2 Fagernes International 2018"]
[Site "Scandic Hotel Fagernes"]
[Date "2018.03.25"]
[Round "3"]
[White "Løbersli, Henrik Øie"]
[Black "Ski, Jonathan K"]
[Result "1-0"]
[WhiteElo "2081"]
[BlackElo "1841"]
[PlyCount "73"]
[EventDate "2018.??.??"]

1. d4 d5 2. c4 c6 3. cxd5 cxd5 4. Nc3 Nf6 5. f3 Nc6 6. e4 dxe4 7. d5 Ne5 8.
fxe4 a6 9. Qa4+ Qd7 10. Qd4 Nc6 11. Qb6 Ne5 12. Nb5 Qg4 13. Nc7+ Kd7 14. Nxa8
Qxe4+ 15. Qe3 Qxe3+ 16. Bxe3 Nxd5 17. Nb6+ Nxb6 18. Bxb6 e6 19. O-O-O+ Kc6 20.
Bd4 Ng4 21. Nf3 f6 22. h3 Nh6 23. g4 Bd6 24. Bg2 Kc7 25. Kb1 e5 26. Rc1+ Kb8
27. Bb6 Be6 28. Rhd1 Nf7 29. Nd2 h5 30. Nc4 Be7 31. Ne3 hxg4 32. hxg4 Ng5 33.
Rc7 e4 34. Rxe7 g6 35. Bxe4 Nxe4 36. Rxe6 Nf2 37. Rd7
1-0

[Event "TV2 Fagernes International 2018"]
[Site "Scandic Hotel Fagernes"]
[Date "2018.03.25"]
[Round "3"]
[White "Guddahl, Viggo"]
[Black "Lang, Gusztav Jr"]
[Result "1-0"]
[WhiteElo "2072"]
[BlackElo "1630"]
[PlyCount "89"]
[EventDate "2018.??.??"]

1. Nf3 g6 2. c4 c5 3. Nc3 Bg7 4. g3 Nf6 5. Bg2 O-O 6. O-O Nc6 7. d4 cxd4 8.
Nxd4 d5 9. Nxc6 bxc6 10. cxd5 cxd5 11. Nxd5 Nxd5 12. Qxd5 Qxd5 13. Bxd5 Rb8 14.
Bb3 Ba6 15. Re1 Rfc8 16. Bf4 Bxb2 17. Bxb8 Bxa1 18. Bxa7 Bb2 19. Kf1 Bc4 20.
Rb1 Ba3 21. Bd4 Bxb3 22. Rxb3 Rc1+ 23. Kg2 Bd6 24. Rc3 Rxc3 25. Bxc3 Ba3 26.
Kf3 Kf8 27. Ke4 Ke8 28. Kd4 Kd7 29. Kc4 e6 30. Bb4 Bb2 31. Kb5 Kc8 32. a4 Kb7
33. a5 f5 34. a6+ Ka8 35. Bc5 Bf6 36. Kc6 e5 37. Kd5 f4 38. Ke6 fxg3 39. fxg3
Bh8 40. e4 Bg7 41. Kf7 Bh6 42. Kg8 Bd2 43. Kxh7 g5 44. Kg6 Bc1 45. Kf5
1-0

[Event "TV2 Fagernes International 2018"]
[Site "Scandic Hotel Fagernes"]
[Date "2018.03.25"]
[Round "3"]
[White "Ali, Karim"]
[Black "Loberg, Jo Kristian"]
[Result "0-1"]
[WhiteElo "1739"]
[BlackElo "2060"]
[PlyCount "168"]
[EventDate "2018.??.??"]

1. d4 d5 2. Bf4 Nf6 3. Nf3 c5 4. e3 Nc6 5. c3 Qb6 6. Qc2 Bf5 7. dxc5 Bxc2 8.
cxb6 axb6 9. Na3 Be4 10. Nb5 Kd7 11. Be2 e6 12. O-O Be7 13. Ne5+ Nxe5 14. Bxe5
Ra5 15. b4 Raa8 16. a3 Bc2 17. c4 dxc4 18. Bxc4 Rhc8 19. Be2 Ne8 20. Rfc1 f6
21. Bd4 Bd8 22. Nc3 Bb3 23. Nb5 Nd6 24. Nxd6 Kxd6 25. Rcb1 Bc2 26. Rc1 Bb3 27.
Bb2 Bd5 28. Bd3 h6 29. Rd1 Ke7 30. Rd2 e5 31. a4 Bb3 32. Bb5 Be6 33. Rad1 Bc7
34. e4 Rd8 35. Kf1 Rxd2 36. Rxd2 Bd6 37. Bc3 Rc8 38. Rd3 Bc4 39. Bxc4 Rxc4 40.
f3 Bxb4 41. Bxb4+ Rxb4 42. Ra3 b5 43. axb5 Rxb5 44. Ra2 Rb6 45. Ke2 Rd6 46. Ra7
Rd7 47. Ra8 Kd6 48. Kd3 Rc7 49. Rd8+ Ke7 50. Rb8 Kf7 51. g3 Ke6 52. f4 exf4 53.
gxf4 Rd7+ 54. Ke3 Kd6 55. Rc8 Rc7 56. Rd8+ Kc5 57. Rd5+ Kc6 58. Rd8 b5 59. e5
fxe5 60. fxe5 b4 61. Ke4 Rb7 62. Rd6+ Kc7 63. Rd1 b3 64. e6 b2 65. Rb1 Rb5 66.
Kd4 Kd6 67. Kc4 Rb8 68. Kc3 Kxe6 69. Kc2 g5 70. Re1+ Kf5 71. Kb1 g4 72. Re7 Kg5
73. Rg7+ Kh4 74. Rd7 Kh3 75. Rd6 Kxh2 76. Rxh6+ Kg2 77. Rd6 g3 78. Rd2+ Kh3 79.
Rd7 Kh2 80. Rh7+ Kg1 81. Rg7 g2 82. Rg6 Rb3 83. Rf6 Kh2 84. Rf2 Kh1
0-1

[Event "TV2 Fagernes International 2018"]
[Site "Scandic Hotel Fagernes"]
[Date "2018.03.25"]
[Round "3"]
[White "Darnell, Anton"]
[Black "Mansoor, Afras"]
[Result "1/2-1/2"]
[WhiteElo "2029"]
[BlackElo "1898"]
[PlyCount "75"]
[EventDate "2018.??.??"]

1. e4 e5 2. Nf3 Nc6 3. Bb5 a6 4. Ba4 Nf6 5. O-O Be7 6. Re1 b5 7. Bb3 O-O 8. a4
Rb8 9. d3 d6 10. Nc3 Bg4 11. h3 Bxf3 12. Qxf3 Nd4 13. Qd1 Nxb3 14. cxb3 Re8 15.
axb5 axb5 16. b4 d5 17. Qb3 dxe4 18. Nxe4 Qd4 19. Nxf6+ Bxf6 20. Be3 Qd7 21.
Rec1 Ra8 22. Ra5 Red8 23. Qc2 h6 24. Qc6 Rab8 25. Qxd7 Rxd7 26. Ra7 Be7 27.
Rcxc7 Rxc7 28. Rxc7 Bxb4 29. Kf1 Rd8 30. Bc5 Bxc5 31. Rxc5 Rxd3 32. Rxb5 Rd1+
33. Ke2 Rb1 34. Kf3 f6 35. Rb7 Kh7 36. g4 Kg6 37. b4 h5 38. b5
1/2-1/2

[Event "TV2 Fagernes International 2018"]
[Site "Scandic Hotel Fagernes"]
[Date "2018.03.25"]
[Round "3"]
[White "Skrede, Snorre"]
[Black "Hagesæther, Arne"]
[Result "0-1"]
[WhiteElo "1870"]
[BlackElo "2002"]
[PlyCount "116"]
[EventDate "2018.??.??"]

1. d4 Nf6 2. c4 e6 3. g3 Bb4+ 4. Bd2 c5 5. Bxb4 cxb4 6. Bg2 O-O 7. Nf3 d5 8.
Nbd2 Nc6 9. O-O Re8 10. Re1 Ne4 11. e3 Nxd2 12. Nxd2 Ne7 13. Qb3 a5 14. Rac1
Ra6 15. Bf1 Rd6 16. Nf3 dxc4 17. Bxc4 Qb6 18. Nd2 Qa7 19. Ne4 Rdd8 20. Bb5 Bd7
21. Bxd7 Rxd7 22. Qa4 b6 23. Rc2 h6 24. Rec1 Red8 25. Rc4 Qb7 26. Qc2 Qd5 27.
b3 e5 28. dxe5 Qxe5 29. Rd4 Rxd4 30. exd4 Qxd4 31. g4 Rc8 32. Rd1 Rxc2 33. Rxd4
Rxa2 34. Rd8+ Kh7 35. Rd7 Ng6 36. Rxf7 Ne5 37. Rb7 Nxg4 38. h4 Re2 39. f3 Ne5
40. Kf1 Re3 41. Nf6+ Kg6 42. Ne8 Rxf3+ 43. Ke2 Rxb3 44. Rxb6+ Kf5 45. Rb5 Ke4
46. Rxa5 Rb2+ 47. Kd1 Nc4 48. Ra7 b3 49. Rb7 Ke3 50. Re7+ Kd3 51. Rd7+ Kc3 52.
Nc7 Rg2 53. Nd5+ Kb2 54. Nf4 Ne3+ 55. Ke1 Rh2 56. Ne2 Ng2+ 57. Kd1 Nxh4 58.
Rxg7 Nf3
0-1

[Event "TV2 Fagernes International 2018"]
[Site "Scandic Hotel Fagernes"]
[Date "2018.03.25"]
[Round "3"]
[White "Vitenberg, Noam Aviv"]
[Black "Blazekovic, Nina"]
[Result "1/2-1/2"]
[WhiteElo "1975"]
[BlackElo "1825"]
[PlyCount "94"]
[EventDate "2018.??.??"]

1. d4 Nf6 2. c4 g6 3. Nc3 Bg7 4. e4 d6 5. Nf3 O-O 6. Be2 e5 7. Be3 Ng4 8. Bg5
f6 9. Bh4 Nc6 10. d5 Ne7 11. h3 Nh6 12. Nd2 f5 13. f3 c5 14. a3 a5 15. Rb1 Nf7
16. b4 axb4 17. axb4 b6 18. Qb3 Bh6 19. bxc5 bxc5 20. Nb5 Bxd2+ 21. Kxd2 g5 22.
Bf2 fxe4 23. fxe4 Ng6 24. g3 Bd7 25. Be3 Qe7 26. Nc3 Ra7 27. Qd1 Rfa8 28. Bg4
Qd8 29. Bxd7 Qxd7 30. Qh5 Ra3 31. Bxg5 Qa7 32. Rhc1 Qa5 33. Be3 Ra2+ 34. Kd3
Qa3 35. Qf3 Rf8 36. Qf6 Rg2 37. Rg1 Rb2 38. h4 Rfb8 39. Ra1 Qb3 40. Rgc1 Rb4
41. Ra8+ Nf8 42. Rxf8+ Kxf8 43. Bh6+ Ke8 44. Qe6+ Kd8 45. Qf6+ Ke8 46. Qe6+ Kd8
47. Qf6+ Ke8
1/2-1/2

[Event "TV2 Fagernes International 2018"]
[Site "Scandic Hotel Fagernes"]
[Date "2018.03.25"]
[Round "3"]
[White "Melaa, Sondre Lillestøl"]
[Black "Hoem, Tor Wetle"]
[Result "1/2-1/2"]
[WhiteElo "1844"]
[BlackElo "1953"]
[PlyCount "66"]
[EventDate "2018.??.??"]

1. d4 Nf6 2. Bf4 d5 3. e3 e6 4. Nf3 Bd6 5. Bg3 O-O 6. Bd3 c5 7. c3 Qc7 8. Nbd2
Nbd7 9. O-O b6 10. Qe2 Bb7 11. e4 Bxg3 12. fxg3 dxe4 13. Nxe4 cxd4 14. Nxd4
Bxe4 15. Bxe4 Nxe4 16. Qxe4 Nc5 17. Qc2 e5 18. Nf5 Rad8 19. Rad1 Rxd1 20. Rxd1
Rd8 21. Ne3 Ne6 22. Rxd8+ Qxd8 23. Qe4 f6 24. Qd5 Qxd5 25. Nxd5 Kf7 26. Kf2 Nc5
27. Ke3 Ke6 28. c4 Kd6 29. Nc3 a6 30. b4 Ne6 31. Kd3 f5 32. Na4 Kc6 33. Nc3 Kd6
1/2-1/2

[Event "TV2 Fagernes International 2018"]
[Site "Scandic Hotel Fagernes"]
[Date "2018.03.25"]
[Round "3"]
[White "Ayzenberg, Alena"]
[Black "Shehzad, Alisha"]
[Result "1-0"]
[WhiteElo "1950"]
[BlackElo "1598"]
[PlyCount "91"]
[EventDate "2018.??.??"]

1. d4 d5 2. c4 c6 3. Nf3 Nf6 4. Nc3 e6 5. Qb3 dxc4 6. Qxc4 Nbd7 7. e4 Nb6 8.
Qb3 Bd7 9. Be3 Qc7 10. Ne5 c5 11. Nxd7 Nfxd7 12. Nb5 Qb8 13. Rc1 a6 14. dxc5
Bxc5 15. Bxc5 Nxc5 16. Rxc5 axb5 17. Bxb5+ Nd7 18. O-O Qd6 19. Rc3 O-O 20. Rd3
Nc5 21. Rxd6 Nxb3 22. axb3 Ra2 23. Rb6 Rxb2 24. Bc4 g6 25. Rxb7 Rc8 26. Ra7 Rd8
27. Raa1 Rd4 28. Rae1 Kg7 29. Re3 Rbd2 30. f3 Rd8 31. Re2 R2d4 32. Kf2 h5 33.
g3 g5 34. h3 Kg6 35. Ra1 Rb8 36. Ke3 Rd7 37. Rd2 Rdb7 38. Rd3 Rb4 39. Ra7 R4b7
40. Rd7 Rxa7 41. Rxa7 g4 42. hxg4 hxg4 43. f4 Rh8 44. Ra5 f5 45. Bxe6 fxe4 46.
Bxg4
1-0